Real Madrid: Alle Ausscheiden in der Champions League - Statistiken

Allgemein
  • Dieses Quiz wurde 269 mal gespielt
  • Das Durchschnittsergebnis liegt bei 15 aus 19
Antwortstatistiken
Saison Runde Gegner % Korrekt
2022/23 Halbfinale (H: 1:1, A: 0:4) Manchester City
99%
2019/20 Achtelfinale (H: 1:2, A: 1:2) Manchester City
99%
2011/12 Halbfinale (A: 1:2, H: 3:4 i.E.) Bayern München
96%
2006/07 Achtelfinale (H: 3:2, A: 1:2) Bayern München
96%
2000/01 Halbfinale (H: 0:1, A: 1:2) Bayern München
96%
2010/11 Halbfinale (H: 0:2, A: 1:1) FC Barcelona
96%
2012/13 Halbfinale (A: 1:4, H: 2:0) Borussia Dortmund
92%
2021/22 Halbfinale (H: 1:1, A: 0:2) FC Chelsea
90%
2014/15 Halbfinale (A: 1:2, H: 1:1) Juventus Turin
89%
2004/05 Achtelfinale (H: 1:0, A: 0:2 n.V.) Juventus Turin
89%
2002/03 Halbfinale (H: 2:1, A: 1:3) Juventus Turin
89%
1997/98 Viertelfinale (H: 1:0, A: 0:2) Juventus Turin
89%
2018/19 Achtelfinale (A: 2:1, H: 1:4) Ajax Amsterdam
85%
2008/09 Achtelfinale (H: 0:1, A: 0:4) FC Liverpool
83%
2005/06 Achtelfinale (H: 0:1, A: 0:0) FC Arsenal
70%
2009/10 Achtelfinale (A: 0:1, H: 1:1) Olympique Lyon
47%
2007/08 Achtelfinale (A: 1:2, H: 1:2) AS Rom
43%
2003/04 Viertelfinale (H: 4:2, A: 1:3) AS Monaco
37%
1998/99 Viertelfinale (H: 1:1, A: 0:2) Dynamo Kiew
13%
Keine übereinstimmenden Quizze gefunden
Verteilung der Resultate
Anzahl Personen mit jedem Resultat
Perzentil nach korrekt beantworteten Fragen
Ihre Resultats-Entwicklung
Sie haben dieses Quiz noch nicht gespielt